Gaming Quiz

Random Gaming or Board Games Quiz
Score 0/117 Timer 07:00
2 Plays Today
% Correct
GO
95.2%
Go
95.2%
GO.
95.2%
GO
95.2%
JAIL.
93.6%
Jail.
93.6%
JAIL,
93.6%
TO
93.6%
to
93.6%
TO
93.6%
COLLECT
91.5%
COLLECT
91.5%
COLLECT
91.5%
COLLECT
91.5%
(COLLECT
91.5%
COLLECT
91.5%
COLLECT
91.5%
COLLECT
91.5%
DO
91.2%
DO
91.2%
$20
90.5%
PASS
90.2%
NOT
89.9%
NOT
89.9%
$200
88.8%
$200
88.8%
$200)
88.8%
A
88.4%
GET
84.2%
GET
84.2%
Directly
84.1%
OF
84%
OF
84%
OF
84%
YOU
83.2%
YOU
83.2%
YOU
83.2%
YOU
83.2%
OUT
82.8%
% Correct
$10
82.6%
FREE.
82.3%
IN
78.3%
IN
78.3%
$50
74.1%
$50
74.1%
BE
72.7%
$100
71.3%
$100
71.3%
$100
71.3%
$100
71.3%
PAY
68.2%
PAY
68.2%
PAY
68.2%
BEAUTY
66.8%
CARD
66.4%
CONTEST.
65.1%
WON
63.5%
HAVE
62.6%
TAX
61.2%
TAX
61.2%
SECOND
59.1%
THIS
58.7%
PRIZE
55.3%
BANK
55.1%
YOUR
53.8%
PLAYER
53.4%
ADVANCE
52.4%
FROM
50.3%
FROM
50.3%
$25
49.1%
FOR
47%
FOR
47%
FOR
47%
HOUSE.
46.9%
EVERY
46.2%
HOTEL
45.9%
FAVOR.
45.8%
ERROR
45.7%
% Correct
MAY
45.1%
$150
42.1%
$40
41.5%
INCOME
40.8%
OR
36.1%
ARE
34.1%
REFUND
31%
PER
31%
PER
31%
SOLD
30%
$45
29%
KEPT
25.7%
SALE
25.2%
REPAIRS.
24.2%
UNTIL
22.8%
STOCK
21.3%
NEEDED
20.9%
RECEIVE
19.5%
FEE
18.8%
INHERIT
18.5%
$115
18.1%
ASSESSED
16.2%
SCHOOL
15.6%
STREET
15.4%
MATURES
13.3%
MATURES
13.3%
INSURANCE
11.9%
HOSPITAL
11%
LIFE
10.1%
SERVICES
9.8%
DOCTOR'S
9.8%
OPERA
8.9%
GRAND
8.5%
NIGHT
8.1%
FUND
8.1%
OPENING
8%
OPENING
8%
XMAS
6.4%
SEATS
6.2%
Remove Ads.
Support Sporcle.
Get the best of Sporcle when you Go Orange. This ad-free experience offers more features, more stats, and more fun while also helping to support Sporcle. Thank you for becoming a member.

You're not logged in!

Compare scores with friends on all Sporcle quizzes.
OR
Log In

Show Comments

Extras

Top Quizzes Today


Score Distribution

Your Account Isn't Verified!

In order to create a playlist on Sporcle, you need to verify the email address you used during registration. Go to your Sporcle Settings to finish the process.

Report this User

Report this user for behavior that violates our Community Guidelines.

Details: